Obscure Knowledge - US State Capitals Quiz Stats

 Plays Quiz Updated May 30, 2018

Challenge
Share
Tweet
Embed
Score 0/50 Timer 02:00
2 Plays Today
Percent Guessed State Capital % Correct
86.2%???
100%
86.1%???
98.8%
85.8%???
97.9%
85.6%???
97.5%
85.4%???
96.9%
85.3%???
96.6%
84.6%???
96.4%
83.8%???
94.5%
83.7%???
94.3%
82.4%???
94.1%
82.3%???
93.2%
81.9%???
93%
79.8%???
92.8%
79.1%???
92%
78.9%???
91.3%
78.5%???
88.4%
78.3%???
87%
74.8%???
86.7%
74.6%???
86.2%
74.4%???
85.2%
74.2%???
82.2%
74.1%???
81.5%
73.5%???
80.7%
73.4%???
78%
73.1%???
76.8%
Percent Guessed State Capital % Correct
72.9%???
75.3%
72.7%???
73.6%
72.5%???
71.8%
72.4%???
70.9%
71.6%???
67.4%
71.4%???
65.9%
71.0%???
64.6%
70.8%???
63.3%
70.6%???
60.4%
70.2%???
59.1%
70.0%???
58.1%
69.9%???
56.8%
69.5%???
56.3%
69.4%???
55.5%
68.7%???
54.2%
68.5%???
50.5%
68.1%???
49%
67.5%???
45.3%
67.3%???
44.1%
65.8%???
37.5%
64.6%???
28.1%
64.2%???
26%
61.4%???
21.9%
60.8%???
18.6%
59.9%???
11.4%

You're not logged in!

Compare scores with friends on all Sporcle quizzes.
OR
Log In

You Might Also Like...

Show Comments

Extras

Top Quizzes Today


Score Distribution

Your Account Isn't Verified!

In order to create a playlist on Sporcle, you need to verify the email address you used during registration. Go to your Sporcle Settings to finish the process.

Report this User

Report this user for behavior that violates our Community Guidelines.

Details: